<?xml version="1.0" encoding="UTF-8"?>
<collection xmlns="http://www.loc.gov/MARC21/slim">
  <record>
    <leader>00000nam  2200000   4500</leader>
    <controlfield tag="001">INLIS000000000003512</controlfield>
    <controlfield tag="005">20181119111814</controlfield>
    <datafield tag="035" ind1="#" ind2="#">
      <subfield code="a">0010-1118000052</subfield>
    </datafield>
    <controlfield tag="007">ta</controlfield>
    <controlfield tag="008">181119################f##########0#ind##</controlfield>
    <datafield tag="100" ind1="#" ind2="#">
      <subfield code="a">Lembaga Administrasi Administrasi RI</subfield>
    </datafield>
    <datafield tag="245" ind1="1" ind2="#">
      <subfield code="a">Keputusan  Ketua Lembaga Administrasi Negara Nomor 1030 A/IX/6/4/1994 :</subfield>
      <subfield code="b">Tentang Pedoman Penyelenggaraan Pendidikan dan Pelatihan Bagi Staf dan Pimpinan Badan Usaha Milik Negara (BUMN) dan Badan Usaha Milik Daerah (BUMND) /</subfield>
      <subfield code="c">Lembaga Administrasi Negara  RI</subfield>
    </datafield>
    <datafield tag="260" ind1="#" ind2="#">
      <subfield code="a">Jakarta :</subfield>
      <subfield code="b">LAN Jakarta,</subfield>
      <subfield code="c">1995</subfield>
    </datafield>
    <datafield tag="300" ind1="#" ind2="#">
      <subfield code="a">...hlm. :</subfield>
      <subfield code="b">ilus. ;</subfield>
      <subfield code="c">30 cm</subfield>
    </datafield>
    <datafield tag="650" ind1="#" ind2="#">
      <subfield code="a">Diklat Staf dan Pimpinan BUMN/BUMD</subfield>
    </datafield>
  </record>
</collection>
